书目信息 |
| 题名: |
常见职务犯罪调查策略
|
|
| 作者: | 《常见职务犯罪调查策略》编写组 编写 | |
| 分册: | ||
| 出版信息: | 北京 中国方正出版社 2020.02 |
|
| 页数: | 200页 | |
| 开本: | 20cm | |
| 丛书名: | ||
| 单 册: | ||
| 中图分类: | D924.304 | |
| 科图分类: | ||
| 主题词: | 法律--中国 | |
| 电子资源: | ||
| ISBN: | 7-5174-0779-1 | |
| 000 | 00759nam0 2200205 450 | |
| 001 | 2560468215 | |
| 005 | 20251215165144.19 | |
| 010 | @a7-5174-0779-1@dCNY25.00 | |
| 100 | @a20251215d2020 km y0chiy0120 ea | |
| 101 | 0 | @achi |
| 102 | @aCN@b110000 | |
| 102 | @aCN | |
| 200 | 1 | @a常见职务犯罪调查策略@AChang Jian Zhi Wu Fan Zui Diao Cha Ce Lue@f《常见职务犯罪调查策略》编写组编写@F《Chang Jian Zhi Wu Fan Zui Diao Cha Ce Lue》Bian Xie Zu Bian Xie |
| 210 | @a北京@c中国方正出版社@d2020.02 | |
| 215 | @a200页@d20cm | |
| 606 | 0 | @a法律@x中国 |
| 690 | @aD924.304@v4 | |
| 701 | 0 | @a《常见职务犯罪调查策略》编写组@A《Chang Jian Zhi Wu Fan Zui Diao Cha Ce Lue》Bian Xie Zu@4编写 |
| 801 | 0 | @aCN@b大连网信软件有限公司图书馆·11@c20251215 |
| 905 | @aZUCC@dD924.304@e1047 | |
| 常见职务犯罪调查策略/《常见职务犯罪调查策略》编写组编写.-北京:中国方正出版社,2020.02 |
| 200页;20cm |
| ISBN 7-5174-0779-1:CNY25.00 |
| ● |
| 相关链接 |
|
|
|
|
正题名:常见职务犯罪调查策略
索取号:D924.304/1047
 
预约/预借
| 序号 | 登录号 | 条形码 | 馆藏地/架位号 | 状态 | 备注 |
| 1 | 1442065 | 214420651 | 第一样本阅览室/ [索取号:D924.304/1047] | 在馆 | |
| 2 | 1442066 | 214420660 | 第一借阅区/ [索取号:D924.304/1047] | 在馆 |